La Nuit de la poésie, 27 mars 1970 /

This documentary witnesses a night of poetry readings in Montreal, held to affirm the French-Canadian cultural identity.

Bibliographic Details
Corporate Author: National Film Board of Canada
Other Authors: Labrecque, Jean-Claude, 1938-, Masse, Jean-Pierre, Beaudet, Marc, 1919-1978
Format: Video DVD
Language:French
Published: [Montréal] : National Film Board of Canada, ©2006, ©1970.
Subjects:

MARC

Tag First Indicator Second Indicator Subfields
LEADER 00000cgm a2200000Ka 4500
001 in00002525721
005 20151111080032.0
007 vd cvaizu
008 091015s2006 quc111 f vlfre d
028 4 0 |a 0270103 
035 |a (OCoLC)ocn160235302 
035 |a (OCoLC)160235302 
040 |a MNN  |c MNN  |d MNN  |d TXA  |d UtOrBLW 
049 |a TXAM 
090 |a PQ3914  |b .N84 2006 
245 0 3 |a La Nuit de la poésie, 27 mars 1970 /  |c Office national du film du Canada. 
264 1 |a [Montréal] :  |b National Film Board of Canada,  |c ©2006, ©1970. 
300 |a 1 videodisc (111 min. 15 sec.) :  |b sound, color ;  |c 4 3/4 in. 
336 |a two-dimensional moving image  |b tdi  |2 rdacontent 
337 |a video  |b v  |2 rdamedia 
338 |a videodisc  |b vd  |2 rdacarrier 
538 |a DVD-R. May not play in some older DVD players. 
511 1 |a Nicole Brossard, Paul Chamberland, Georges Dor, Raoul Duguay, Claude Gauvreau, Michel Garneau, Gérald Godin, Pauline Julien, Michèle Lalonde, Gatien Lapointe, Raymond Lévesque, Gaston Miron, Pierre Morency, Suzanne Paradis, Claude Péloquin, Jean-Guy Pilon. 
508 |a Réalisateur/montage, Jean-Claude Labrecque; Jean-Pierre Masse; producteur, Marc Beaudet; images, Jean-Claude Labrecque; Jean-Pierre Lachapelle; Réo Grégoire; son, Jacques Drouin; montage sonore, Bernie Bordeleau. 
500 |a Videodisc released as a motion picture in 1970. 
520 |a This documentary witnesses a night of poetry readings in Montreal, held to affirm the French-Canadian cultural identity. 
500 |a Videorecording. 
650 0 |a Poets, French-Canadian  |z Québec (Province) 
650 0 |a Poets, French-Canadian  |y 20th century. 
650 0 |a French-Canadian poetry  |z Québec (Province) 
650 0 |a French-Canadian poetry  |y 20th century. 
655 7 |a Documentary films.  |2 lcgft 
655 7 |a Nonfiction films.  |2 lcgft 
700 1 |a Labrecque, Jean-Claude,  |d 1938- 
700 1 |a Masse, Jean-Pierre. 
700 1 |a Beaudet, Marc,  |d 1919-1978. 
710 2 |a National Film Board of Canada. 
994 |a C0  |b TXA 
948 |a cataloged  |b h  |c 2009/10/16  |d c  |e blrosas  |f 11:34:25 am 
999 |a MARS 
999 f f |s f2975031-7abb-397b-ad58-18d008d594fb  |i 33f1d4ab-1abb-336b-8f95-fb92eab6fc42  |t 0 
952 f f |p ric  |a Texas A&M University  |b Rellis Campus  |c Joint Library Facility  |d Remote Storage  |t 0  |e PQ3914 .N84 2006  |h Library of Congress classification  |i video -- videodisc  |m A14838942550 
998 f f |a PQ3914 .N84 2006  |t 0  |l Remote Storage